| 000 | 00379nam a22001457a 4500 | ||
|---|---|---|---|
| 082 |
_a370.15 _bDEE _cL-31 P-11 |
||
| 100 |
_aJames Deese _938252 |
||
| 245 | _aTHE PSYCHOLOGY OF LEARNING | ||
| 250 | _a2nd | ||
| 260 |
_aTOKYO, JAPAN _bTOSHO PRINTING Co, LTD _c1958 |
||
| 300 | _avii, 367.p: | ||
| 526 |
_a0 _b0 _c0 _d370_150000000000000_DEE |
||
| 650 |
_aMCE _9379 |
||
| 942 |
_2ddc _cBK |
||
| 999 |
_c542894 _d542894 |
||